| 000 | 00826nam a22002051 4500 | ||
|---|---|---|---|
| 001 | l 62000083 | ||
| 003 | DLC | ||
| 005 | 20260227111546.0 | ||
| 008 | 840828s1962 dcua f00000 eng | ||
| 010 | _al 62000083 //r84 | ||
| 040 |
_aDLC/ICU _cICU |
||
| 050 | 0 |
_aQA11 _b.U48 |
|
| 110 | 1 | 0 |
_aUnited States. _bBureau of Labor Statistics. |
| 245 | 1 | 0 |
_aEmployment in professional mathematical work in industry and Government; _breport on a 1960 survey prepared for the National Science Foundation in cooperation with the Mathematical Association of America. |
| 260 | 0 |
_a[Washington, _bFor sale by the Superintendent of Documents, U.S. Govt. Print. Off., _c1962] |
|
| 300 |
_aix, 82 p. _billus. _c26 cm. |
||
| 500 | _a"NSF-62-12." | ||
| 650 | 0 |
_aMathematics _xVocational guidance. |
|
| 710 | 2 | 0 | _aNational Science Foundation (U.S.) |
| 999 |
_c37080 _d37080 |
||